BEAUTY FOR ASHES:RECIEVING EMOTIONAL HEALING (Record no. 67700)
[ view plain ]
| 000 -LEADER | |
|---|---|
| fixed length control field | 00575nam a2200193Ia 4500 |
| 003 - CONTROL NUMBER IDENTIFIER | |
| control field | OSt |
| 005 - DATE AND TIME OF LATEST TRANSACTION | |
| control field | 20260219163330.0 |
| 020 ## - INTERNATIONAL STANDARD BOOK NUMBER | |
| International Standard Book Number | 978-0-446-69259-5 |
| 040 ## - CATALOGING SOURCE | |
| Transcribing agency | LC |
| 050 ## - LIBRARY OF CONGRESS CALL NUMBER | |
| Classification number | BV 4596. A25 M49 2003 |
| 100 ## - MAIN ENTRY--PERSONAL NAME | |
| Personal name | MEYER, JOYCE |
| 245 #0 - TITLE STATEMENT | |
| Title | BEAUTY FOR ASHES:RECIEVING EMOTIONAL HEALING |
| 250 ## - EDITION STATEMENT | |
| Edition statement | REVISED AND EXPANDED EDITION |
| 260 ## - PUBLICATION, DISTRIBUTION, ETC. | |
| Place of publication, distribution, etc. | NEW YORK, |
| Name of publisher, distributor, etc. | LIFE IN THE WORLD, INC. |
| Date of publication, distribution, etc. | 2003 |
| 300 ## - PHYSICAL DESCRIPTION | |
| Extent | X, 256 P,ILL |
| 500 ## - GENERAL NOTE | |
| General note | INCLUDES BIBLIOGRAPHICAL REFERENCES |
| 650 ## - SUBJECT ADDED ENTRY--TOPICAL TERM | |
| Topical term or geographic name entry element | Meyer, Joyce, 1943-Adult child sexual abuse victims-Religious life |
| 942 ## - ADDED ENTRY ELEMENTS (KOHA) | |
| Koha item type | Long Loan Book |
| Source of classification or shelving scheme | Library of Congress Classification |
| Withdrawn status | Lost status | Source of classification or shelving scheme | Damaged status | Not for loan | Collection | Home library | Current library | Shelving location | Date acquired | Inventory number | Total checkouts | Full call number | Barcode | Date last seen | Date last checked out | Copy number | Price effective from | Koha item type |
|---|---|---|---|---|---|---|---|---|---|---|---|---|---|---|---|---|---|---|
| Library of Congress Classification | Fiction & Motivational | Kisii University Library | Kisii University Library | On Display | 04/11/2024 | 0046159 | 2 | BV 4596 .A25 M49 2003 | 000553 | 02/13/2026 | 12/18/2025 | 1 | 04/11/2024 | Long Loan Book |